[Event "LTU-ch sf"]
[Site "Vilnius"]
[Date "2023.04.15"]
[Round "8"]
[White "Alionyte, Patricija"]
[Black "Kraucenka, Justas"]
[Result "1-0"]
[WhiteElo "1311"]
[BlackElo "1079"]
[PlyCount "65"]
[EventDate "2023.04.11"]
[EventType "swiss"]
[EventRounds "9"]
[EventCountry "LTU"]
[SourceTitle "CBM 213 Extra"]
[Source "ChessBase"]
[SourceDate "2023.05.31"]
[SourceVersion "1"]
[SourceVersionDate "2023.05.31"]
[SourceQuality "1"]

1. e4 e5 2. Nf3 Nc6 3. Nc3 Nf6 4. Bb5 d6 5. d4 exd4 6. Nxd4 Bd7 7. 0-0 Nxd4 8. Bxd7+ Nxd7 9. Qxd4 Be7 10. Qxg7 Bf6 11. Qg3 Nb6 12. Nd5 Nxd5 13. exd5 Qe7 14. Bg5 Be5 15. Bxe7 Bxg3 16. Bf6 Be5 17. Bxh8 Bxh8 18. Rfe1+ Kd7 19. c3 Be5 20. g3 Rg8 21. Kf1 c6 22. f4 Bf6 23. Rad1 Bd8 24. Re2 Rg6 25. dxc6+ bxc6 26. Red2 Bc7 27. Kf2 Re6 28. Re2 Rg6 29. Kf3 Bb6 30. Rde1 Bd8 31. Re8 Rg7 32. Rh8 Be7 33. Ra8 1-0

[Event "Klaipeda Sea op-B 19th"]
[Site "Klaipeda"]
[Date "2022.07.28"]
[Round "5"]
[White "Valiusenko, Daniil"]
[Black "Kraucenka, Justas"]
[Result "1-0"]
[WhiteElo "1319"]
[BlackElo "1048"]
[PlyCount "146"]
[EventDate "2022.07.26"]
[EventType "swiss"]
[EventRounds "7"]
[EventCountry "LTU"]
[SourceTitle "CBM 209 Extra"]
[Source "ChessBase"]
[SourceDate "2022.09.30"]
[SourceVersion "1"]
[SourceVersionDate "2022.09.30"]
[SourceQuality "1"]

1. d4 d5 2. Nf3 Nf6 3. e3 Bf5 4. Bb5+ c6 5. Be2 e6 6. Nbd2 Be7 7. b3 Nbd7 8. Bb2 0-0 9. 0-0 Ne4 10. Nxe4 dxe4 11. Nd2 Bf6 12. Bg4 c5 13. c3 Rc8 14. Bxf5 exf5 15. Ba3 Re8 16. Nc4 Be7 17. dxc5 Nxc5 18. Qxd8 Rcxd8 19. Bxc5 Bxc5 20. Rfd1 Rd3 21. Rxd3 exd3 22. Rd1 Rd8 23. Nb2 d2 24. Nc4 Kf8 25. Rxd2 Rxd2 26. Nxd2 Ke7 27. Kf1 Ke6 28. Ke2 Bb6 29. f3 Bc7 30. h3 f4 31. Ne4 b6 32. Ng5+ Ke7 33. exf4 Bxf4 34. Ne4 f5 35. Nd2 Ke6 36. Kd3 Kd5 37. c4+ Kc5 38. a3 a5 39. g4 fxg4 40. Ne4+ Kc6 41. fxg4 b5 42. Nc3 bxc4+ 43. Kxc4 Bd6 44. b4 axb4 45. axb4 h6 46. b5+ Kb7 47. Ne4 Bc7 48. Nc5+ Kb6 49. Na4+ Kb7 50. Kc5 g6 51. Nc3 Be5 52. Nd5 Bh2 53. Ne7 g5 54. Ng8 Bg1+ 55. Kc4 Bh2 56. Nxh6 Kb6 57. Nf5 Be5 58. h4 gxh4 59. Nxh4 Bf6 60. Nf3 Bd8 61. g5 Be7 62. g6 Bf6 63. Nh4 Kb7 64. Nf5 Kb6 65. g7 Bxg7 66. Nxg7 Kb7 67. Kc5 Kc7 68. b6+ Kb7 69. Kb5 Kb8 70. Ka6 Ka8 71. b7+ Kb8 72. Nf5 Kc7 73. Ka7 Kd7 1-0